Missing Word: 'A' Words in Movie Titles II Quiz Stats

 Plays Quiz Updated Apr 2, 2018

Score 0/30 Timer 04:00
1 Play Today
Film Title Missing Word % Correct
_____ in WonderlandAlice
97.6%
10 Things I Hate _____ YouAbout
97.3%
Planet of the _____ Apes
97.3%
_____ the World in Eighty DaysAround
96.4%
Home _____ Alone
96.1%
_____ Ventura: Pet DetectiveAce
96.1%
Raiders of the Lost _____ Ark
96.1%
_____ Quiet on the Western FrontAll
94.8%
Lawrence of _____ Arabia
94.4%
Cast _____ Away
94.4%
_____ PsychoAmerican
94%
Bill & Ted's Excellent _____ Adventure
93.5%
Monsters vs. _____ Aliens
93.4%
Bruce _____ Almighty
93.3%
Con _____ Air
92.6%
Film Title Missing Word % Correct
Ever _____ After
89.8%
Three _____ !Amigos
87.9%
Police _____ Academy
86%
Sister _____ Act
84.5%
_____ : The Legend of Ron BurgundyAnchorman
83.2%
Broken _____ Arrow
78.5%
The Avengers: _____ of UltronAge
77.2%
Angela's _____ Ashes
74.6%
Harry Potter and the Prisoner of _____ Azkaban
74.4%
_____ HouseAnimal
74.3%
_____ Family ValuesAddams
71.3%
_____ NowApocalypse
61.3%
_____ PupilApt
39.5%
The _____ of Richard NixonAssassination
25.8%
The _____ FarmerAstronaut
19%

Today's Daily Dose

Missing Word
TV IA - IZ

Word Ladder
Home Improvement

Get the Picture
Wrist or Ankle Bones

You're not logged in!

Compare scores with friends on all Sporcle quizzes.
OR
Log In

You Might Also Like...

Show Comments

Extras

Top Quizzes Today


Score Distribution

Your Account Isn't Verified!

In order to create a playlist on Sporcle, you need to verify the email address you used during registration. Go to your Sporcle Settings to finish the process.

Report this User

Report this user for behavior that violates our Community Guidelines.

Details: